| 000 | 00821nam a22001937a 4500 | ||
|---|---|---|---|
| 003 | OSt | ||
| 005 | 20251002181649.0 | ||
| 008 | 240403b ||||| |||| 00| 0 eng d | ||
| 040 | _c0 | ||
| 082 | _aDPer 621.317 Ie21 October 2022 v. 37 n. 10 | ||
| 100 |
_aYen, Wen-Wei. _eauthor. _955981 |
||
| 245 |
_aA ZVS phase-shift full-bridge converter with input current steering to reduce EMI noise / _cWen-Wei Yen and Paul C. -P. Chao. |
||
| 260 |
_aNew York ; _bThe Institute of Electrical and Electronics Engineers, Inc. , _cOctober 2022. |
||
| 300 |
_aVolume 37, pages 11937-11950 : _billustration ; _c28 cm. |
||
| 500 | _aIEEE Transactions on Power Electronics, v. 37, n. 10, pages 11937-11950, October 2022. | ||
| 700 |
_aYen, Wen-Wei. _eauthor. _955981 |
||
| 700 |
_aChao, Paul C. -P. _eauthor. _955982 |
||
| 942 |
_2ddc _cPER |
||
| 999 |
_c19996 _d19996 |
||